000 00787nam a2200277Ia 4500
003 OSt
005 20220926001048.0
006 a|||||r|||| 00| 0
007 ta
008 220923b |||||||| |||| 00| 0 eng d
020 _a8187496142
037 _cGeneral Book
040 _aRTL
_cRTL
_beng
041 _2eng
_aeng
082 _aX:3M24xM18:g, P1
100 _aEngels Frederick
_978630
245 0 _aOn the national and colonial questions
_b Selected writings
260 _a New Delhi
_bLeftword Books
_c2001
300 _ax, 252p
_ccm.
650 _a Classics
650 _a Karl Marx
650 _aEconomics
700 _a Marx Karl
_922872
942 _hX:3M24xM18:g, P1
_cGB
_2CC
999 _c600333
_d600333